01886nam a22002177a 4500003000800000005001700008006001900025007000300044008004100047020001800088040001700106041000800123050001500131100002000146245007600166250002800242260003200270300004700302505009900349520122000448BJBSDDR20260512161833.0a|||||r|||| 00| 0 ta260512s2024 nyu|||||r|||| 00| 0 eng d a9781982185114 bspacBJBSDDR aeng bG783e 20241 aGraydon, Samuel10aEinstein in time and space :ba life in 99 particles /cSamuel Graydon. afirst paperback edition aNew York :bScribner,c2024 a xvi, 342 pages :billustrations ; c22 cm aContenidos : Introduction Particles 1-99 Sources and acknowledgments Credits Quotations Index aMost of us would agree that Albert Einstein's name is synonymous with 'genius' and that his likeness is often used as a shorthand for all scientists, appearing everywhere from cartoons to textbooks. He has become more myth than man. That being the case, how best to capture his essence? In Einstein in Time and Space, talented young science journalist Samuel Graydon answers that question with an illuminating mosaic--99 intriguingly different particles that cumulatively reveal Einstein's contradictory and multitudinous nature. Glimpsed among these shards: a slacker who failed every subject but math, a job seeker who couldn't get hired, a lothario who courted many women, and a charmer who was the life of the party. As brilliant as he was inconsistent, Einstein was simultaneously an avid supporter of the NAACP and the fight for civil rights and someone capable of great prejudice. He was loved by many, known by few, and inspirational to a generation of young physicists. Graydon reveals every corner of Einstein's world: the false reporting that rocketed Einstein to fame nearly overnight, his effect on people he met merely in passing, even the remarkable posthumous journey of the famed physicist's brain.